000 00235nam a22001097a 4500
999 _c532187
_d532187
040 _cDLC
100 _a Jack Gido
_925528
245 _aProject Management
260 _aNew Delhi
_bCengage
_cc2007
300 _ap;374
942 _2ddc
_cBK